1767 1882 1584 1774 1689 1701 1157 1229 1151 1530 1462 1905 1414 1874 1209 1014 1151 1330 1087 1192 1401 1519 1652 1960 1911 1626 1608 1708 1782 1752 1192 1968 1663 1079 1401 1527 1165 1361 1794 1620 1811 1076 1776 1440 1365 1549 1958 1901 1814 1370 1252 1017 1943 1235 1700 1440 1100 1929 1301 1435 1560 1223 1501 1138 1104 1530 1406 1775 1927 1084 1865 1136 1041 1842 1434 1009 1260 1512 1356 1076 1159 1818 1155 1914 1601 1709 1523 1431 1911 1908 1549 1338 1150 1571 1501 1968 1255 1226 1376 BCNSPRNW ULIB Ver.6.0+V

เปลี่ยนเป็นภาษาไทย

Change to English
 แสดงรายละเอียดบรรณานุกรม
  กลับหน้าหลัก

Brief Record : Get Marc (ISO 2709) : E-mail record : QR code < ปิดหน้าต่าง
LEADER : 00000nam 2200000uu 4500
001    13399120097
003     ULIB
008    120830s2554||||th 000 0 tha d
020    ^a9786161100308 (ล.1)
040    ^abra
060 04 ^aQV4^bภ781 ล.1
245 00 ^aเภสัชวิทยา^nเล่ม 1 =^bPharmacology I /^cบรรณาธิการ,พยงค์ เทพอักษร, โพยม วงศ์ภูวรักษ์
246 31 ^aPharmacology I
250    ^aพิมพ์ครั้งที่ 4
260    ^aนนทบุรี :^bโครงการสวัสดิการวิชาการ สถาบันพระบรมราชชนก,^c2554
300    ^a119 หน้า :^bภาพประกอบ ;^c27 ซม.
650  2 ^aPharmacology
650  7 ^aเภสัชวิทยา
700 0  ^aพยงค์ เทพอักษร,^eบรรณาธิการ
700 0  ^aโพยม วงศ์ภูวรักษ์,^eบรรณาธิการ
710 2  ^aสถาบันพระบรมราชชนก. ^bโครงการสวัสดิการวิชาการ
945    ^p120^l0^i19350
945    ^p120^l0^i19351
995    ^aทศพร
999    ^aทศพร เกษรทอง
รายการนี้ยังไม่มีแท็ก
คุณยังไม่ได้ล็อกอิน คุณสามารถมีกิจกรรมร่วมกับเว็บไซต์ได้ แต่ต้องล็อกอินก่อน ::
  ล็อกอิน

รายการสื่อสารสนเทศ

ลำดับที่ ประเภท เลขเรียก/บาร์โค้ด สถานที่ สถานะ
1. วิทยาศาสตร์การแพทย์ และสุขภาพ
วิทยาศาสตร์การแพทย์ และสุขภาพ
สถานะ=หนังสือเก่า
QV4 ภ781 ล.1 ฉ.1 
  Barcode: 19350
ห้องสมุดวิทยาเขตนครสวรรค์
►ส่วนจัดเก็บหนังสือเก่า นว.
บนชั้น
  ขอยืม
2. วิทยาศาสตร์การแพทย์ และสุขภาพ
วิทยาศาสตร์การแพทย์ และสุขภาพ
สถานะ=หนังสือเก่า
QV4 ภ781 ล.1 ฉ.2 
  Barcode: 19351
ห้องสมุดวิทยาเขตนครสวรรค์
►ส่วนจัดเก็บหนังสือเก่า นว.
บนชั้น
  ขอยืม

รายการใกล้เคียง
    หัวเรื่อง [Pharmacology]
    หัวเรื่อง [เภสัชวิทยา]

BibComment


ยังไม่เคยถูกคอมเมนท์

คอมเมนท์ทรัพยากรรายการนี้
  คอมเมนท์: เภสัชวิทยา เล่ม ..


 Copyright 2026. Bcnsprnw @Library